00272nam a2200109Ia 4500008004100000041001200041100001700053245004100070260003400111300000900145650000800154221030s9999 xx 000 0 und d aEnglish aK. R. Botkar 0aIntegrated Circuitscby K. R. Botkar bKhanna Pub.aNew Delhic2015 a1110 aECE